000
00325 a2200157 4500
001
176795
020
_a
040
_c
Magnum
100
_a
Rametta, Jose
240
1
0
_a
Voo cego
_l
por
245
1
0
_a
Voo cego
362
0
_a
1899
440
1
_a
Armazém de Idéias
697
_a
MAGNITO: J/SOCIEDADE, COTIDIAN
942
_c
BK
999
_c
176795
_d
176795